| 000 | 00794nam a2200265Ia 4500 | ||
|---|---|---|---|
| 003 | GCL | ||
| 008 | 140319s9999 xx 000 0 ara d | ||
| 040 |
_aGCL / _cGCL |
||
| 082 | 0 | 4 |
_a370.018 _bك م |
| 100 | 1 | _aكوهين, لويس | |
| 245 | 1 | 0 |
_aمناهج البحث فى العلوم الاجتماعية والتربية / _cكوهين, لويس |
| 700 | 1 | _aماينون, لورانس | |
| 700 | 1 | _aكوثر حسين كوجاك | |
| 260 |
_a[S.N] : _bالدار العربية للتوزيع والنشر ، _c1990 |
||
| 300 | _a440 ص | ||
| 490 | _a | ||
| 650 | 0 | 4 | _aالتربية |
| 650 | 0 | 4 | _aالقياس |
| 650 | 0 | 4 | _aالشخصية |
| 650 | 0 | 4 | _aالاجتماع |
| 650 | 0 | 4 | _aالتنمية |
| 650 | 0 | 4 | _aالسلوك |
| 650 | 0 | 4 | _aالبحوث |
| 942 |
_2ddc _cBK |
||
| 999 |
_c28170 _d28170 |
||